[Event "VIII Festival Piemonte Scacchi"]
[Site "Torino ITA"]
[Date "2008.09.19"]
[Round "1"]
[White "Drago, Paolo"]
[Black "Di Chiara, Mauro"]
[Result "0-1"]
[WhiteElo "1461"]
[BlackElo "1880"]
[PlyCount "82"]
[EventDate "2008.09.19"]

1. d4 d6 2. e4 Nf6 3. Bd3 e5 4. d5 c6 5. c4 g6 6. Nc3 Bg7 7. Nf3 O-O 8. O-O Na6
9. a3 Nc5 10. Bc2 a5 11. Be3 Ne8 12. Bxc5 dxc5 13. Qd3 f5 14. Rfd1 Rf7 15. Ba4
cxd5 16. Qe3 d4 17. Qe2 Nd6 18. Nb5 fxe4 19. Nxd6 exf3 20. Nxf7 fxe2 21. Nxd8
exd1=Q+ 22. Rxd1 Bg4 23. f3 Bxf3 24. gxf3 Rxd8 25. Kf2 Bh6 26. Re1 Be3+ 27. Ke2
Rf8 28. Bc2 g5 29. Rf1 Rf4 30. Be4 b6 31. Rh1 g4 32. Rf1 Kg7 33. fxg4 Rxe4 34.
Kd3 Rf4 35. Rxf4 exf4 36. Ke4 Bc1 37. b3 d3 38. Kxd3 f3 39. h3 Kf6 40. h4 Ke5
41. g5 Kf4 0-1

[Event "VIII Festival Piemonte Scacchi"]
[Site "Torino ITA"]
[Date "2008.09.19"]
[Round "1"]
[White "Fassero, Fabrizio"]
[Black "Martin, Tiziano"]
[Result "0-1"]
[WhiteElo "1551"]
[BlackElo "1973"]
[PlyCount "34"]
[EventDate "2008.09.19"]

1. e4 e6 2. d4 d5 3. exd5 exd5 4. Nf3 Bf5 5. Bf4 Bd6 6. Bg3 Bxg3 7. hxg3 Qe7+
8. Be2 Qb4+ 9. Nc3 Nf6 10. Qc1 Nc6 11. Qe3+ Ne7 12. O-O-O Ne4 13. Nxe4 dxe4 14.
Ng5 Nd5 15. Qd2 Qa4 16. a3 b5 17. Rh4 b4 0-1

[Event "VIII Festival Piemonte Scacchi"]
[Site "Torino ITA"]
[Date "2008.09.19"]
[Round "1"]
[White "Favoni, Matteo"]
[Black "De Renzi, Giuseppe"]
[Result "1-0"]
[WhiteElo "1941"]
[BlackElo "1506"]
[PlyCount "69"]
[EventDate "2008.09.19"]

1. d4 Nf6 2. c4 g6 3. Nc3 Bg7 4. e4 d6 5. f3 b6 6. Be3 Bb7 7. Qd2 h6 8. O-O-O
Nc6 9. Nge2 Qd7 10. d5 Ne5 11. Nd4 c5 12. Nc2 O-O-O 13. h3 h5 14. f4 Neg4 15.
hxg4 Nxg4 16. Be2 Nxe3 17. Nxe3 Bh6 18. Rdf1 Bg7 19. g4 Kb8 20. gxh5 gxh5 21.
Nf5 Bxc3 22. Qxc3 e6 23. Ne3 h4 24. Bg4 Rdg8 25. Bh3 Qe8 26. Ng4 Qa4 27. Kb1 b5
28. Nf6 Rg3 29. Nd7+ Kc7 30. Qxh8 Kxd7 31. dxe6+ fxe6 32. Qh7+ Kc6 33. Bxe6 Rg2
34. Bd5+ Kb6 35. Qxb7+ 1-0

[Event "VIII Festival Piemonte Scacchi"]
[Site "Torino ITA"]
[Date "2008.09.19"]
[Round "1"]
[White "Finocchiaro, Gianluca"]
[Black "Iacomussi, Mario"]
[Result "1-0"]
[WhiteElo "2021"]
[BlackElo "1568"]
[PlyCount "29"]
[EventDate "2008.09.19"]

1. e4 c5 2. c3 d6 3. d4 cxd4 4. cxd4 g6 5. Nf3 Bg7 6. Nc3 Nf6 7. Bc4 O-O 8. O-O
a6 9. a4 Qc7 10. Be2 Nc6 11. Bg5 e6 12. Rc1 Qa5 13. Qd2 Bd7 14. e5 dxe5 15.
Bxf6 1-0

[Event "VIII Festival Piemonte Scacchi"]
[Site "Torino ITA"]
[Date "2008.09.19"]
[Round "1"]
[White "Formento, Paolo"]
[Black "Astengo, Marcello"]
[Result "0-1"]
[WhiteElo "1593"]
[BlackElo "2075"]
[PlyCount "74"]
[EventDate "2008.09.19"]

1. d4 d5 2. c4 e6 3. Bf4 c6 4. e3 Nf6 5. Nf3 Be7 6. Bd3 Nbd7 7. Nc3 O-O 8. O-O
b6 9. e4 dxe4 10. Nxe4 c5 11. Nc3 cxd4 12. Nb5 Bb7 13. Nd6 Bxf3 14. Qxf3 e5 15.
Nb7 Qc8 16. Rfe1 Rb8 17. Bxe5 Nxe5 18. Rxe5 Qxb7 19. Be4 Nxe4 20. Rxe4 Bf6 21.
Rae1 Qd7 22. Qg3 Rbe8 23. Kf1 d3 24. Rxe8 Rxe8 25. Rxe8+ Qxe8 26. Qxd3 Bxb2 27.
Qd2 Bf6 28. Qf4 Qd8 29. Ke2 g6 30. g3 Kg7 31. h4 Qd4 32. Qxd4 Bxd4 33. f4 f5
34. Kf3 h5 35. Ke2 Kf6 36. Kf3 Ke6 37. Ke2 Kd6 0-1

[Event "VIII Festival Piemonte Scacchi"]
[Site "Torino ITA"]
[Date "2008.09.19"]
[Round "1"]
[White "Fragni, Enrico"]
[Black "Paniagua, Roberto"]
[Result "0-1"]
[WhiteElo "1727"]
[BlackElo "2285"]
[PlyCount "29"]
[EventDate "2008.09.19"]

1. c4 Nf6 2. Nc3 e6 3. Nf3 b6 4. e3 Bb7 5. d4 Be7 6. Bd2 O-O 7. Bd3 c5 8. Qe2
d5 9. h3 Nc6 10. g4 dxc4 11. Bxc4 cxd4 12. Nb5 a6 13. Nfxd4 Nxd4 14. exd4 Bf3
15. Qxf3 0-1

[Event "VIII Festival Piemonte Scacchi"]
[Site "Torino ITA"]
[Date "2008.09.19"]
[Round "1"]
[White "Giacomasso, Enrico"]
[Black "Liviabella, Lucio"]
[Result "1-0"]
[WhiteElo "1996"]
[BlackElo "1559"]
[PlyCount "43"]
[EventDate "2008.09.19"]

1. e4 c5 2. Nf3 Nc6 3. d4 cxd4 4. Nxd4 Nf6 5. Nc3 a6 6. Be2 g6 7. O-O Bg7 8.
Be3 O-O 9. Qd2 d6 10. h3 Bd7 11. f4 e6 12. Rad1 Ne8 13. e5 d5 14. Nxc6 Bxc6 15.
Bc5 b5 16. Bf3 f5 17. Bxf8 Bxf8 18. Ne2 Bc5+ 19. Kh2 Bd7 20. Bxd5 exd5 21.
Qxd5+ Kh8 22. Qxc5 1-0

[Event "VIII Festival Piemonte Scacchi"]
[Site "Torino ITA"]
[Date "2008.09.19"]
[Round "1"]
[White "La Tessa, Domenico"]
[Black "Ottolini, Graziano"]
[Result "1/2-1/2"]
[WhiteElo "1589"]
[BlackElo "2060"]
[PlyCount "55"]
[EventDate "2008.09.19"]

1. d4 d5 2. c4 c6 3. e3 Nf6 4. Nc3 e6 5. Nf3 Be7 6. Bd3 Nbd7 7. b3 O-O 8. Bb2
Re8 9. O-O Bd6 10. Qc2 h6 11. Rfd1 a6 12. Rac1 Qe7 13. e4 dxe4 14. Nxe4 Nxe4
15. Bxe4 Bf4 16. Rb1 Nf6 17. Bd3 Bd7 18. Ne5 Red8 19. Be2 Be8 20. g3 Bxe5 21.
dxe5 Nd7 22. Rd2 Nf8 23. Rbd1 Ng6 24. Rd6 Rdc8 25. f4 Qc7 26. Bd3 Nh8 27. Ba3
Qa5 28. Bc1 1/2-1/2

[Event "VIII Festival Piemonte Scacchi"]
[Site "Torino ITA"]
[Date "2008.09.19"]
[Round "1"]
[White "Leoni, Alessandro"]
[Black "Termini, Luigi Robert"]
[Result "1-0"]
[WhiteElo "1860"]
[BlackElo "1456"]
[PlyCount "59"]
[EventDate "2008.09.19"]

1. e4 c5 2. Nf3 Nc6 3. d4 cxd4 4. Nxd4 g6 5. Nc3 Bg7 6. Be3 d6 7. Qd2 Nf6 8. f3
Bd7 9. Bc4 e6 10. Ndb5 O-O 11. Nxd6 Qb8 12. O-O-O Rd8 13. Bf4 Nh5 14. Nxf7 Qxf4
15. Qxf4 Nxf4 16. Nxd8 Rxd8 17. g3 Ng2 18. Rxd7 Rxd7 19. Bxe6+ Kf8 20. Bxd7 Ne5
21. Bh3 Ne3 22. Re1 N3c4 23. f4 Nf3 24. Rf1 Nfd2 25. Rd1 Bxc3 26. bxc3 Nf3 27.
Rd8+ Kg7 28. Rd7+ Kh6 29. g4 Nxh2 30. g5+ 1-0

[Event "VIII Festival Piemonte Scacchi"]
[Site "Torino ITA"]
[Date "2008.09.19"]
[Round "1"]
[White "Mangione, Claudio"]
[Black "Porzio, Franco"]
[Result "1-0"]
[WhiteElo "2067"]
[BlackElo "1592"]
[PlyCount "91"]
[EventDate "2008.09.19"]

1. d4 d5 2. c4 e6 3. Nf3 Nf6 4. g3 c6 5. Bg2 Nbd7 6. Qc2 Be7 7. O-O O-O 8. b3
Re8 9. Bb2 Ne4 10. Nc3 Ndf6 11. Nxe4 Nxe4 12. Ne5 Nf6 13. Rad1 Qc7 14. e3 Nd7
15. cxd5 exd5 16. Bxd5 Nxe5 17. dxe5 Bg4 18. Rd4 Bh3 19. Rfd1 Qb6 20. Bc4 c5
21. Rd5 Qc6 22. a4 a6 23. a5 Rad8 24. e4 Qg6 25. Qd3 h5 26. Qe3 h4 27. Bc3 Qg4
28. Be2 Qe6 29. R1d3 hxg3 30. hxg3 Bg4 31. Bf1 Qg6 32. Bg2 Bg5 33. f4 Rxd5 34.
exd5 Be7 35. Be1 c4 36. Rc3 cxb3 37. Rxb3 Qc2 38. Rc3 Qd1 39. Rc1 Qa4 40. Kh2
Qb5 41. Qe4 Qb2 42. Rb1 Qa2 43. Rxb7 Bc5 44. e6 f6 45. Qg6 Be7 46. Qxe8+ 1-0

[Event "VIII Festival Piemonte Scacchi"]
[Site "Torino ITA"]
[Date "2008.09.19"]
[Round "1"]
[White "Militello, Michele"]
[Black "Riccardi, Mauro"]
[Result "0-1"]
[WhiteElo "1907"]
[BlackElo "1497"]
[PlyCount "98"]
[EventDate "2008.09.19"]

1. d4 Nf6 2. Nf3 g6 3. c4 d5 4. Nc3 Bg7 5. cxd5 Nxd5 6. Qb3 Nxc3 7. bxc3 Nd7 8.
e4 O-O 9. e5 Nb6 10. Bb2 c5 11. dxc5 Be6 12. c4 Nd7 13. Rd1 Qc7 14. c6 Qxc6 15.
Qb5 Qe4+ 16. Be2 a6 17. Qb4 Nxe5 18. Nxe5 Bxe5 19. Bxe5 Qxe5 20. Kf1 Qc7 21. h4
Rac8 22. Kg1 Bxc4 23. Bxc4 Qxc4 24. Qxe7 Qxa2 25. Qxb7 Rc2 26. Qb6 a5 27. h5 a4
28. Qf6 Qb2 29. Qxb2 Rxb2 30. Ra1 Rb4 31. Rh3 Rfb8 32. hxg6 Rb1+ 33. Rxb1 Rxb1+
34. Kh2 hxg6 35. Ra3 Rb4 36. f3 f5 37. Kg3 g5 38. Kf2 Kf7 39. g3 Ke6 40. Ke2
Kd5 41. Rd3+ Rd4 42. Rc3 Rc4 43. Rd3+ Kc5 44. Rd8 Kb4 45. Rb8+ Kc3 46. Kd1 a3
47. Rb5 a2 48. Ra5 Kb3 49. Kd2 Ra4 0-1

[Event "VIII Festival Piemonte Scacchi"]
[Site "Torino ITA"]
[Date "2008.09.19"]
[Round "1"]
[White "Petrini, Alberto"]
[Black "Ranieri, Fabrizio"]
[Result "0-1"]
[WhiteElo "1708"]
[BlackElo "2245"]
[PlyCount "100"]
[EventDate "2008.09.19"]

1. d4 d5 2. c4 e6 3. Nc3 Nf6 4. cxd5 exd5 5. Bg5 Nbd7 6. e3 c6 7. Bd3 Be7 8.
Qc2 Nh5 9. Bxe7 Qxe7 10. Nf3 g6 11. O-O O-O 12. Rab1 Ndf6 13. b4 a6 14. a4 Ng7
15. b5 axb5 16. axb5 Bf5 17. Bxf5 Nxf5 18. bxc6 bxc6 19. Ne2 Rfc8 20. Rb6 Qc7
21. Rfb1 Nd7 22. Rb7 Qd6 23. Qb2 Ra6 24. Ne5 Nxe5 25. dxe5 Qa3 26. g4 Qxb2 27.
R1xb2 Ng7 28. Nf4 g5 29. Nh5 Nxh5 30. gxh5 c5 31. Rd7 Kg7 32. Rbb7 Kh6 33. Rxf7
Kxh5 34. Rxh7+ Kg6 35. Rhd7 c4 36. Rd6+ Rxd6 37. exd6 Kf6 38. Rc7 Rd8 39. Rc6
Ke5 40. Kf1 Rxd6 41. Rxd6 Kxd6 42. f4 g4 43. Ke2 Ke6 44. Kd2 Kf5 45. Kc3 Ke4
46. Kd2 d4 47. exd4 Kxd4 48. f5 Ke5 49. f6 Kxf6 50. Kc3 Kg5 0-1

[Event "VIII Festival Piemonte Scacchi"]
[Site "Torino ITA"]
[Date "2008.09.19"]
[Round "1"]
[White "Pettorusso, Aldo"]
[Black "Xia, Jie"]
[Result "0-1"]
[WhiteElo "1655"]
[BlackElo "2181"]
[PlyCount "40"]
[EventDate "2008.09.19"]

1. c4 Nf6 2. Nc3 g6 3. e4 d6 4. d4 Bg7 5. Nf3 O-O 6. h3 c5 7. Be3 Na6 8. Qd2
cxd4 9. Nxd4 Nc5 10. Qc2 Qa5 11. b4 Qxb4 12. Rb1 Qa5 13. Rb5 Qd8 14. e5 dxe5
15. Nf3 Bf5 16. Qb2 Nd3+ 17. Bxd3 Bxd3 18. Nxe5 b6 19. Nd5 Bxc4 20. Nc6 Nxd5
0-1

[Event "VIII Festival Piemonte Scacchi"]
[Site "Torino ITA"]
[Date "2008.09.19"]
[Round "1"]
[White "Ragni, Paolo"]
[Black "Priotto, Patrick"]
[Result "1-0"]
[WhiteElo "2171"]
[BlackElo "1649"]
[PlyCount "101"]
[EventDate "2008.09.19"]

1. e4 c6 2. d3 d5 3. Nd2 g6 4. Ngf3 Bg7 5. g3 Bg4 6. Bg2 e5 7. O-O Ne7 8. h3
Bd7 9. Qe2 d4 10. Ne1 c5 11. a4 Nbc6 12. f4 O-O 13. Nef3 Qc8 14. Kh2 exf4 15.
gxf4 Bh6 16. Nc4 Qc7 17. Nfe5 Nxe5 18. Nxe5 Rae8 19. Nxd7 Qxd7 20. Bd2 b6 21.
b3 Qd6 22. Rae1 Qc7 23. Kh1 a6 24. Qf2 Nc6 25. Qh4 Bg7 26. Re2 Qd8 27. Qf2 Re7
28. e5 Qc7 29. Rfe1 Rfe8 30. Qf3 Nb4 31. Bxb4 cxb4 32. Qf2 Qc5 33. Re4 Rd8 34.
Bf3 Rc8 35. R1e2 h5 36. Qxd4 Qxd4 37. Rxd4 Rec7 38. Rxb4 Rxc2 39. Rxb6 Rc1+ 40.
Kg2 Rb1 41. Bd5 Rcc1 42. Rb7 h4 43. Rxf7 Rg1+ 44. Kh2 Bh6 45. Rc2 Rh1+ 46. Bxh1
Kxf7 47. Bd5+ Ke7 48. Rc7+ Kd8 49. Rf7 Rd1 50. Bc4 Rf1 51. Kg2 1-0

[Event "VIII Festival Piemonte Scacchi"]
[Site "Torino ITA"]
[Date "2008.09.19"]
[Round "1"]
[White "Rotoni, Matteo"]
[Black "Messina, Alessandro"]
[Result "0-1"]
[WhiteElo "2089"]
[BlackElo "1596"]
[PlyCount "152"]
[EventDate "2008.09.19"]

1. e4 e6 2. d4 d5 3. Nc3 Bb4 4. Bd3 dxe4 5. Bxe4 Nf6 6. Bd3 O-O 7. Nf3 Nc6 8.
O-O Re8 9. Ne2 Bd6 10. Bg5 h6 11. Bh4 Nb4 12. Bc4 b6 13. a3 Nbd5 14. Bb3 Bb7
15. c4 Nf4 16. Ba4 c6 17. Nxf4 Bxf4 18. Qe2 g5 19. Bg3 Bxg3 20. hxg3 Rc8 21.
Rad1 Qd6 22. Ne5 Red8 23. Qf3 Kg7 24. Rfe1 Qc7 25. Qc3 c5 26. dxc5 Rxd1 27.
Rxd1 Ne4 28. Qd4 Qxc5 29. b4 Qxd4 30. Rxd4 Nf6 31. g4 Rc7 32. f3 Kf8 33. Rd8+
Ke7 34. Rh8 Kd6 35. Nd3 Rxc4 36. Rxh6 Rc3 37. Nb2 Ke7 38. Rh8 Rxa3 39. Rb8 Bd5
40. Rc8 Kd6 41. Bb5 Rb3 42. Nd3 a5 43. Rd8+ Kc7 44. Rf8 e5 45. Ba6 Nd7 46. Rc8+
Kd6 47. bxa5 bxa5 48. Nc1 Rb1 49. Bd3 Ra1 50. Kf2 a4 51. Ne2 Ra2 52. Ke3 Nb6
53. Rc1 Rb2 54. g3 a3 55. f4 gxf4+ 56. gxf4 a2 57. Nc3 Nc4+ 58. Bxc4 Bxc4 59.
fxe5+ Kxe5 60. Nxa2 Bxa2 61. Rc5+ Bd5 62. Rc8 Rg2 63. Re8+ Be6 64. Kf3 Rxg4 65.
Rb8 f5 66. Rb5+ Bd5+ 67. Kf2 Rg2+ 68. Kf1 Rc2 69. Rb1 Bc4+ 70. Kg1 f4 71. Rb8
Ke4 72. Re8+ Kf3 73. Ra8 Kg3 74. Ra3+ f3 75. Ra1 Rg2+ 76. Kh1 Rh2+ 0-1

[Event "VIII Festival Piemonte Scacchi"]
[Site "Torino ITA"]
[Date "2008.09.19"]
[Round "1"]
[White "Tallarico, Pierfrancesco"]
[Black "Gariglio, Marco"]
[Result "1-0"]
[WhiteElo "1889"]
[BlackElo "1482"]
[PlyCount "92"]
[EventDate "2008.09.19"]

1. c4 c5 2. Nf3 Nc6 3. g3 g6 4. Bg2 Nf6 5. b3 Bg7 6. Bb2 O-O 7. O-O d6 8. h3 e5
9. d3 Bd7 10. Nc3 Qc8 11. Kh2 a6 12. Ng5 Bf5 13. Nge4 Rd8 14. Nxf6+ Bxf6 15.
Nd5 Bg5 16. Nb6 Qe6 17. Nxa8 Rxa8 18. e4 Bxh3 19. Bxh3 Qe7 20. Qg4 Rd8 21. a3
h5 22. Qf3 h4 23. Kg2 Kg7 24. Qg4 Kg8 25. f4 Bf6 26. f5 Kh7 27. fxg6+ fxg6 28.
Rxf6 Qxf6 29. Rf1 Qe7 30. Qxh4+ Qxh4 31. gxh4 Nd4 32. Bxd4 cxd4 33. Rf7+ Kh6
34. Rxb7 a5 35. b4 axb4 36. axb4 g5 37. hxg5+ Kxg5 38. Bf5 Kf4 39. Rg7 Ke3 40.
Rg3+ Kd2 41. b5 Rb8 42. Bd7 Rb6 43. Kh3 Rb8 44. Rf3 Ke2 45. Bg4 Rh8+ 46. Kg3
Rg8 1-0

[Event "VIII Festival Piemonte Scacchi"]
[Site "Torino ITA"]
[Date "2008.09.19"]
[Round "1"]
[White "Topczewski, Damian"]
[Black "Banchio, Davide"]
[Result "1-0"]
[WhiteElo "1506"]
[BlackElo "1939"]
[PlyCount "43"]
[EventDate "2008.09.19"]

1. e4 c5 2. c3 d5 3. exd5 Qxd5 4. d4 Nf6 5. Nf3 e6 6. Be2 Nc6 7. O-O cxd4 8.
cxd4 Be7 9. Nc3 Qd6 10. Nb5 Qb8 11. g3 Nd5 12. Bc4 a6 13. Bxd5 axb5 14. Bb3 Nb4
15. Qe2 Bd7 16. Ne5 Qd8 17. Qf3 O-O 18. Qxb7 Be8 19. Be3 Bf6 20. Rfc1 Ra6 21.
Rc8 Qd6 22. Rxe8 1-0

[Event "VIII Festival Piemonte Scacchi"]
[Site "Torino ITA"]
[Date "2008.09.19"]
[Round "1"]
[White "Trusso, Cafarello Seb"]
[Black "Parodi, Alessandro"]
[Result "0-1"]
[WhiteElo "1572"]
[BlackElo "2053"]
[PlyCount "110"]
[EventDate "2008.09.19"]

1. e4 d6 2. d4 Nf6 3. Nc3 g6 4. Nf3 Bg7 5. Be2 O-O 6. O-O c6 7. Bf4 b5 8. e5
Ne8 9. Ne4 f5 10. exf6 Nxf6 11. Nxf6+ Rxf6 12. Bg5 Rf8 13. c3 Bb7 14. Qb3+ Kh8
15. Qe6 Nd7 16. Qh3 Bc8 17. Bh6 Nf6 18. Bxg7+ Kxg7 19. Qh4 h6 20. Nd2 g5 21.
Qg3 Nd5 22. f4 Nxf4 23. Rf2 Nxe2+ 24. Rxe2 Bf5 25. Rae1 Rf7 26. Nf3 e6 27. h3
Kh7 28. Re3 Qd7 29. Nh2 a5 30. a3 Rb8 31. Qf3 Re8 32. Qe2 Rfe7 33. g4 Bg6 34.
Nf3 Qb7 35. Qh2 Qc7 36. h4 gxh4 37. Qxh4 Kg7 38. g5 h5 39. Qg3 c5 40. Nh4 cxd4
41. cxd4 e5 42. Nxg6 Kxg6 43. Rf3 Rf7 44. Rf6+ Kg7 45. Rxf7+ Qxf7 46. dxe5 Qe6
47. Re4 dxe5 48. Qh4 Qf5 49. Qxh5 Qxe4 50. Qxe8 Qd4+ 51. Kh1 Qh4+ 52. Kg1 Qxg5+
53. Kh1 Qc1+ 54. Kg2 Qxb2+ 55. Kh1 a4 0-1

[Event "VIII Festival Piemonte Scacchi"]
[Site "Torino ITA"]
[Date "2008.09.19"]
[Round "1"]
[White "Van Hoolandt, Patrick"]
[Black "Fassio, Francesco"]
[Result "1-0"]
[WhiteElo "2251"]
[BlackElo "1720"]
[PlyCount "47"]
[EventDate "2008.09.19"]

1. d4 d5 2. c4 e6 3. Nf3 Nf6 4. Nc3 c5 5. cxd5 Nxd5 6. e4 Nxc3 7. bxc3 cxd4 8.
cxd4 Bb4+ 9. Bd2 Bxd2+ 10. Qxd2 O-O 11. Bc4 Nd7 12. O-O Nb6 13. Bb3 Bd7 14. a4
a5 15. Ne5 Bc6 16. Nxc6 bxc6 17. Rfd1 Qe7 18. Qc3 Rfc8 19. Qc5 Qxc5 20. dxc5
Nxa4 21. Bxa4 Rab8 22. Rd6 Rb4 23. Bxc6 Rc4 24. Bb7 1-0

[Event "VIII Festival Piemonte Scacchi"]
[Site "Torino ITA"]
[Date "2008.09.19"]
[Round "1"]
[White "Vozza, Augusto"]
[Black "Rotundo, Raffaele"]
[Result "0-1"]
[WhiteElo "1562"]
[BlackElo "1998"]
[PlyCount "78"]
[EventDate "2008.09.19"]

1. e4 e6 2. d4 d5 3. Nc3 Nf6 4. e5 Nfd7 5. Nce2 c5 6. c3 Nc6 7. f4 Be7 8. Nf3
O-O 9. g3 f6 10. Bh3 f5 11. O-O cxd4 12. Nfxd4 Nc5 13. Bg2 Ne4 14. Bxe4 fxe4
15. Kh1 Qb6 16. Rb1 Qa6 17. Ra1 Bd7 18. b4 Qc4 19. Bb2 a5 20. a3 Na7 21. Qb3
Rfc8 22. Qxc4 Rxc4 23. Rfe1 Nc8 24. Nb3 axb4 25. axb4 Rxa1 26. Rxa1 Nb6 27. Na5
Rc7 28. Nd4 Kf7 29. b5 g5 30. Rf1 gxf4 31. Rxf4+ Kg7 32. Rg4+ Kh8 33. Rf4 Na4
34. Rf7 Be8 35. Rf2 Nxb2 36. Rxb2 Rxc3 37. Nxe6 Bh5 38. Nf4 Bf3+ 39. Ng2 Rc1#
0-1

[Event "VIII Festival Piemonte Scacchi"]
[Site "Torino ITA"]
[Date "2008.09.20"]
[Round "2"]
[White "Ottolini, Graziano"]
[Black "Rotoni, Matteo"]
[Result "1-0"]
[WhiteElo "2060"]
[BlackElo "2089"]
[PlyCount "89"]
[EventDate "2008.09.19"]

1. e4 e6 2. d4 d5 3. Nc3 Bb4 4. e5 c5 5. a3 Bxc3+ 6. bxc3 Ne7 7. a4 Qc7 8. Nf3
b6 9. Bb5+ Bd7 10. Bd3 Nbc6 11. O-O h6 12. Ba3 Na5 13. Qd2 O-O 14. Qe3 Rac8 15.
Rfb1 cxd4 16. cxd4 Rfe8 17. Bc1 Qd8 18. Nh4 Nf5 19. Nxf5 exf5 20. Qf3 Be6 21.
Bxf5 Bxf5 22. Qxf5 Rc4 23. Be3 Qc8 24. Qf3 Qc6 25. h3 Rxc2 26. Rc1 Rxc1+ 27.
Rxc1 Nc4 28. Bf4 b5 29. axb5 Qxb5 30. Rc3 a5 31. Qg4 Qb1+ 32. Kh2 Qg6 33. Qd7
Qe6 34. Qb5 Ra8 35. Qb7 Ra6 36. Rg3 a4 37. Qb8+ Kh7 38. Qf8 Qg6 39. Rxg6 Kxg6
40. Qc8 Ra5 41. Bc1 a3 42. Bxa3 Nxa3 43. Qe8 Ra6 44. f4 Re6 45. f5+ 1-0

[Event "VIII Festival Piemonte Scacchi"]
[Site "Torino ITA"]
[Date "2008.09.20"]
[Round "3"]
[White "Topczewski, Damian"]
[Black "Ottolini, Graziano"]
[Result "0-1"]
[WhiteElo "1506"]
[BlackElo "2060"]
[PlyCount "70"]
[EventDate "2008.09.19"]

1. e4 Nf6 2. Nc3 d5 3. d4 dxe4 4. Bc4 Bg4 5. f3 exf3 6. Nxf3 e6 7. O-O Be7 8.
Ne2 O-O 9. c3 Nbd7 10. h3 Bxf3 11. Rxf3 c5 12. Bg5 cxd4 13. Nxd4 Ne5 14. Qe2
Nxf3+ 15. Nxf3 Rc8 16. Bb3 Qc7 17. Re1 Bc5+ 18. Kh1 Nh5 19. Bh4 Ng3+ 20. Bxg3
Qxg3 21. Qb5 Bb6 22. Re5 Qf4 23. Re1 Rfd8 24. Rf1 Rc5 25. Qe2 Bc7 26. Qf2 Rf5
27. Qxa7 Qg3 28. Qg1 Rd3 29. Bd1 Rxd1 30. Rxd1 Rxf3 31. Rd7 Rf1 32. Rd8+ Bxd8
33. Qxf1 Bc7 34. Qg1 g6 35. c4 e5 0-1

[Event "VIII Festival Piemonte Scacchi"]
[Site "Torino ITA"]
[Date "2008.09.21"]
[Round "4"]
[White "Ottolini, Graziano"]
[Black "Van Hoolandt, Patrick"]
[Result "1-0"]
[WhiteElo "2060"]
[BlackElo "2251"]
[PlyCount "87"]
[EventDate "2008.09.19"]

1. e4 e5 2. Nf3 Nc6 3. Bb5 Nf6 4. O-O Nxe4 5. Re1 Nd6 6. Bxc6 dxc6 7. Nxe5 Be7
8. d4 O-O 9. c3 Be6 10. Nd2 Re8 11. Nb3 Bd5 12. Bf4 f6 13. Ng4 Bf8 14. Ne3 Bf7
15. Nc5 b6 16. Nd3 Qd7 17. Qf3 Ne4 18. Qd1 g5 19. Bg3 h5 20. f3 Nxg3 21. hxg3
c5 22. dxc5 Rad8 23. Nf2 Bxc5 24. Qxd7 Rxd7 25. Ne4 Bxe3+ 26. Rxe3 Kg7 27. Rae1
Rde7 28. Kf2 Bxa2 29. Nd6 Rxe3 30. Nxe8+ Rxe8 31. Rxe8 a5 32. Re7+ Kg6 33. Rxc7
b5 34. Ke3 Bc4 35. Rxc4 bxc4 36. Kd4 Kf5 37. Kxc4 h4 38. Kd5 hxg3 39. c4 Kf4
40. Kd4 Kf5 41. b3 Ke6 42. Kc5 f5 43. Kb6 g4 44. f4 1-0

[Event "VIII Festival Piemonte Scacchi"]
[Site "Torino ITA"]
[Date "2008.09.21"]
[Round "5"]
[White "Castaldo, Folco"]
[Black "Ottolini, Graziano"]
[Result "1-0"]
[WhiteElo "2387"]
[BlackElo "2060"]
[PlyCount "37"]
[EventDate "2008.09.19"]

1. d4 d5 2. c4 c6 3. Nc3 Nf6 4. cxd5 cxd5 5. Bf4 Nc6 6. e3 Bf5 7. Qb3 b6 8. Rc1
Na5 9. Qa4+ Bd7 10. Bb5 Rc8 11. Nf3 e6 12. O-O a6 13. Bxd7+ Nxd7 14. b4 Rc4 15.
a3 Qc8 16. Ne5 Nc6 17. Nxc4 dxc4 18. b5 Na5 19. bxa6 1-0

[Event "V C.to Italiano a squadre U16"]
[Site "Terrasini ITA"]
[Date "2008.09.04"]
[Round "1"]
[White "Guerini, Sara"]
[Black "Rossetti, Alberto"]
[Result "0-1"]
[WhiteElo "1476"]
[BlackElo "1689"]
[PlyCount "54"]
[EventDate "2008.09.04"]

1. e4 c6 2. d4 d5 3. Nc3 dxe4 4. Nxe4 Nd7 5. Nf3 Ngf6 6. Ng3 e6 7. Bd3 Bd6 8.
O-O Qc7 9. Qe2 O-O 10. Ne4 Bf4 11. Bxf4 Qxf4 12. g3 Qc7 13. Nxf6+ Nxf6 14. Ne5
b6 15. c4 c5 16. d5 exd5 17. cxd5 Nxd5 18. Ng4 Bb7 19. Qe4 f5 20. Qe6+ Kh8 21.
Bxf5 Bc8 22. Qxd5 Bxf5 23. Ne3 Rad8 24. Qb3 Bh3 25. Rfd1 Rde8 26. Rd5 Qf7 27.
Qc2 Rxe3 0-1

[Event "V C.to Italiano a squadre U16"]
[Site "Terrasini ITA"]
[Date "2008.09.05"]
[Round "3"]
[White "Rossetti, Alberto"]
[Black "Albertini, Luca"]
[Result "1-0"]
[WhiteElo "1689"]
[BlackElo "1887"]
[PlyCount "35"]
[EventDate "2008.09.04"]

1. e4 e5 2. Nf3 Nc6 3. d4 exd4 4. Nxd4 Bc5 5. Nxc6 Qf6 6. Qd2 dxc6 7. Nc3 Be6
8. Bd3 Bb4 9. O-O O-O-O 10. Qe3 Bxc3 11. bxc3 Qxc3 12. Bd2 Qa3 13. Rab1 c5 14.
Rb5 b6 15. Ra5 Qb2 16. Bc3 Rxd3 17. Qxd3 c4 18. Qd2 1-0

[Event "V C.to Italiano a squadre U16"]
[Site "Terrasini ITA"]
[Date "2008.09.06"]
[Round "4"]
[White "Melone, Antonio"]
[Black "Pignatelli, Francesca"]
[Result "1-0"]
[WhiteElo "1718"]
[BlackElo "1644"]
[PlyCount "84"]
[EventDate "2008.09.04"]

1. d4 d5 2. c4 e6 3. Nc3 Nf6 4. cxd5 exd5 5. Bg5 Be7 6. e3 c6 7. Bd3 Be6 8.
Nge2 O-O 9. O-O Nbd7 10. Qc2 g6 11. Rae1 Ne8 12. Bxe7 Qxe7 13. Ng3 Ng7 14. f3
f5 15. e4 fxe4 16. fxe4 dxe4 17. Ncxe4 Rxf1+ 18. Rxf1 Rf8 19. Re1 Nf6 20. Qd2
Nxe4 21. Nxe4 b6 22. Ng5 Qd7 23. Nxe6 Nxe6 24. Bc4 Re8 25. Qe3 Kf7 26. Qf4+ Kg7
27. Qe5+ Kf7 28. d5 cxd5 29. Bxd5 Qc8 30. b4 b5 31. h3 Re7 32. Qd6 Re8 33. Rf1+
Kg7 34. Qe5+ Kg8 35. Rf6 Qc1+ 36. Kh2 Qb1 37. Bxe6+ Rxe6 38. Qxe6+ Kg7 39. Rf7+
Kh6 40. Qe3+ g5 41. Rf6+ Qg6 42. Rxg6+ Kxg6 1-0

[Event "V C.to Italiano a squadre U16"]
[Site "Terrasini ITA"]
[Date "2008.09.06"]
[Round "5"]
[White "Fiducioso, Marco"]
[Black "Cavaliere, Simone"]
[Result "1/2-1/2"]
[WhiteElo "2103"]
[BlackElo "1876"]
[PlyCount "83"]
[EventDate "2008.09.04"]

1. e4 c5 2. Nf3 Nc6 3. d4 cxd4 4. Nxd4 e6 5. Nc3 Qc7 6. Be3 a6 7. a3 Nf6 8. Be2
Be7 9. O-O b5 10. f4 Nxd4 11. Qxd4 Bb7 12. Bf3 Rc8 13. Kh1 Bc5 14. Qd3 Bxe3 15.
Qxe3 d6 16. e5 Bxf3 17. exf6 Ba8 18. fxg7 Rg8 19. Qd4 Qc6 20. Rf2 Qc5 21. Rd1
Qxd4 22. Rxd4 Rd8 23. Ne4 Bxe4 24. Rxe4 Rxg7 25. g3 h5 26. Kg2 h4 27. a4 hxg3
28. hxg3 Kd7 29. axb5 axb5 30. Rb4 Rdg8 31. Rf3 Rc8 32. c3 Kc6 33. c4 bxc4 34.
Rxc4+ Kd7 35. Rxc8 Kxc8 36. Rc3+ Kb7 37. Kf3 Rh7 38. b3 Kb6 39. Rd3 Kc6 40.
Rc3+ Kd5 41. Rc7 e5 42. fxe5 1/2-1/2

[Event "IX Festival A"]
[Site "Nichelino ITA"]
[Date "2008.10.02"]
[Round "1"]
[White "D'Ingiullo, Roberto"]
[Black "Angioni, Gian Carlo"]
[Result "1/2-1/2"]
[WhiteElo "2104"]
[BlackElo "1853"]
[PlyCount "43"]
[EventDate "2008.10.02"]

1. e4 e6 2. Nc3 d5 3. Nf3 Nf6 4. e5 Nfd7 5. d4 c5 6. dxc5 Bxc5 7. Bd3 Nc6 8.
Bf4 f6 9. exf6 Nxf6 10. O-O Bd6 11. Qd2 O-O 12. Bg5 Bd7 13. Rae1 Rc8 14. a3 Kh8
15. h3 a6 16. Nh2 Qc7 17. Nf3 Nh5 18. Qd1 Nf4 19. Bxf4 Bxf4 20. Nh4 Rf6 21. g3
Bd6 22. Kg2 1/2-1/2